Medi natural i social : cicle inicial, 2on : [educació primària]
Gespeichert in:
| Weitere Verfasser: | |
|---|---|
| Format: | Buch |
| Sprache: | Katalanisch |
| Erschienen: |
Barcelona :
Cruïlla,
cop. 1992
|
| Katalog: | MANES: Suchergebnis im Bibliothekskatalog |
| Schulbuchspezifische Eigenschaften: |
|
| Tags: |
Tag hinzufügen
Keine Tags, Fügen Sie den ersten Tag hinzu!
|
| Hinzugefügt zu: | 14.10.2003 |
| Geändert in: | 07.05.2025 |
MARC
| LEADER | 00000nam a2200000 a 4500 | ||
|---|---|---|---|
| 001 | .b1220722 | ||
| 003 | ES-BaCBU | ||
| 005 | 20250507130132.0 | ||
| 008 | 031015s1992 spca ||l 000 ||cat|c | ||
| 020 | |a 8476296401 (vol.1) |a 847629641X (vol.2) |a 8476296428 (vol.3) | ||
| 035 | |a 8476296401 |9 ES-BaUB001 |a 0782-58560 |9 ES-BaUB035 | ||
| 040 | |a ES-BaCBU |b cat |c ES-BaCBU |d ES-BaUB | ||
| 245 | 0 | 0 | |a Medi natural i social : |b cicle inicial, 2on : [educació primària] / |c [autors: Glòria Andrés ... [et al.]] |
| 260 | |a Barcelona : |b Cruïlla, |c cop. 1992 | ||
| 300 | |a vol. (80, 79 p.) : |b il.; |c 29 cm | ||
| 500 | |a En 4 vol. | ||
| 505 | 8 | |a Conté: Guia didàctica ; Quadern 3 | |
| 546 | |a España | ||
| 561 | |5 es-CRAI |3 p1 TX EP 4/2 CRU |a España. Biblioteca Universitat de Barcelona |k MANES | ||
| 690 | 0 | |a CN |a CS | |
| 691 | 0 | |a PRI | |
| 700 | 1 | |a Andrés, Glòria |9 32761 | |
| 856 | |y Registro en Cercabib - CRAI | ||
| 942 | |2 ddc |c BK | ||
| 999 | |c 89604 |d 89604 | ||
| 999 | |c manes:89604 |d 89604 | ||